000 00281nam a22001217a 4500
003 OSt
008 250128b |||||||| |||| 00| 0 eng d
041 _aeng
100 _aBergston, George
_97012
245 _aFish as Food Vol.IV
260 _aNew York:
_bAcademic Press,
942 _cBK
999 _c19161
_d19161